Mario Benedetti (Record no. 178859)
[ view plain ]
| 000 -LEADER | |
|---|---|
| campo de control de longitud fija | 00885nam a2200253 4500 |
| 001 - NÚMERO DE CONTROL | |
| campo de control | 178859 |
| 003 - IDENTIFICADOR DE NÚMERO DE CONTROL | |
| campo de control | ES-MaACL |
| 005 - FECHA Y HORA DE LA ÚLTIMA TRANSACCIÓN | |
| campo de control | 20240425135250.0 |
| 008 - DATOS DE LONGITUD FIJA--INFORMACIÓN GENERAL | |
| campo de control de longitud fija | 110720s2008 sp acfo |||| |bspa d |
| 020 ## - NÚMERO INTERNACIONAL ESTÁNDAR DEL LIBRO | |
| Número Internacional Estándar del Libro | 978-84-204-2249-7 |
| 080 ## - NÚMERO DE LA CLASIFICACIÓN DECIMAL UNIVERSAL | |
| Número de la Clasificación Decimal Universal | 929 Benedetti, Mario |
| 100 1# - ENTRADA PRINCIPAL--NOMBRE DE PERSONA | |
| Nombre de persona | Campanella, Hortensia. |
| 9 (RLIN) | 34115 |
| 245 10 - MENCIÓN DEL TÍTULO | |
| Título | Mario Benedetti |
| Resto del título | : un mito discretísimo : biografía / |
| Mención de responsabilidad, etc. | Hortensia Campanella. |
| 260 ## - PUBLICACIÓN, DISTRIBUCIÓN, ETC. | |
| Lugar de publicación, distribución, etc. | [Madrid] : |
| Nombre del editor, distribuidor, etc. | Alfaguara, |
| Fecha de publicación, distribución, etc. | [2008] |
| 300 ## - DESCRIPCIÓN FÍSICA | |
| Extensión | 376 p., [16] p. de lám. fot. ; |
| Dimensiones | 24 cm. |
| 500 ## - NOTA GENERAL | |
| Nota general | Índice onomástico. |
| 504 ## - NOTA DE BIBLIOGRAFÍA, ETC. | |
| Nota de bibliografía, etc. | Bibliografía: p. 367. |
| 600 17 - PUNTO DE ACCESO ADICIONAL DE MATERIA--NOMBRE DE PERSONA | |
| Nombre de persona | Benedetti, Mario, |
| Fechas asociadas al nombre | 1920-2009- |
| Subdivisión de forma | Biografías |
| Fuente del encabezamiento o término | |
| 9 (RLIN) | 147400 |
| 600 14 - PUNTO DE ACCESO ADICIONAL DE MATERIA--NOMBRE DE PERSONA | |
| Nombre de persona | Benedetti, Mario, |
| Fechas asociadas al nombre | 1920-2009 |
| 9 (RLIN) | 27492 |
| 852 ## - LOCALIZACIÓN | |
| Ubicación | ES-MaACL |
| itemnumber | 185724 |
| Sublocalización o colección | R.145902 |
| Número de control de estantería | A-11370 |
| Signatura antigua | Olim: N-4374 |
| Ubicación en estantería | Depósito 1 |
| 942 ## - ELEMENTOS DE ENTRADA SECUNDARIOS (KOHA) | |
| Fuente del sistema de clasificación o colocación | Clasificación decimal universal |
| Tipo de ítem Koha | Libro impreso |
| Estatus retirado | Estado de pérdida | Fuente del sistema de clasificación o colocación | Estado de daño | No para préstamo | Biblioteca de origen | Biblioteca actual | Ubicación en estantería | Fecha de adquisición | Fuente de adquisición | Total de préstamos | Signatura topográfica completa | Código de barras | Visto por última vez | Precio de reemplazo | Tipo de ítem Koha |
|---|---|---|---|---|---|---|---|---|---|---|---|---|---|---|---|
| Clasificación decimal universal | Biblioteca del Ateneo de Madrid | Biblioteca del Ateneo de Madrid | Depósito 1 | 20/07/2011 | Compra | A-11370 | 1187879 | 23/02/2023 | 23/02/2023 | Libro impreso |
